[Event "St Denis op 21st"]
[Site "St Denis"]
[Date "2019.10.20"]
[Round "3"]
[White "Ova, Roberto"]
[Black "De Peindray D'Ambell, Philippe"]
[Result "0-1"]
[WhiteElo "1328"]
[BlackElo "1724"]
[PlyCount "81"]
[EventDate "2019.10.20"]
[EventType "swiss"]
[EventRounds "9"]
[EventCountry "RUF"]
[SourceTitle "CBM 192 Extra"]
[Source "Chessbase"]
[SourceDate "2019.11.06"]
[SourceVersion "1"]
[SourceVersionDate "2019.11.06"]
[SourceQuality "1"]

1. d4 Nf6 2. c4 e6 3. Nc3 Bb4 4. Bg5 h6 5. Bxf6 Qxf6 6. e3 Bxc3+ 7. bxc3 0-0 8. Nf3 d6 9. Bd3 Re8 10. 0-0 Nd7 11. Qe2 Qe7 12. Nd2 Nf6 13. Ne4 Nxe4 14. Bxe4 Rb8 15. a4 a5 16. Rab1 b6 17. Bc6 Rf8 18. Rb5 Ba6 19. Rfb1 Bxb5 20. cxb5 f5 21. c4 Rf6 22. f3 g5 23. Re1 Kg7 24. e4 fxe4 25. Bxe4 Qf7 26. d5 e5 27. g4 Rf4 28. Rf1 Rf8 29. Qd3 h5 30. h3 hxg4 31. hxg4 Rh8 32. Rf2 Qf6 33. Qd2 Rh4 34. Qe2 Qh6 35. Rh2 Rf8 36. Qf2 Rh8 37. Rxh4 gxh4 38. Kh2 Qf4+ 39. Kh3 Qc1 40. Bd3 Qh1+ 41. Qh2 0-1

[Event "Reunion op 20th"]
[Site "St Denis"]
[Date "2018.10.15"]
[Round "2"]
[White "Ova, Roberto"]
[Black "Fondrat, Johan"]
[Result "0-1"]
[WhiteElo "1212"]
[BlackElo "1499"]
[PlyCount "56"]
[EventDate "2018.10.14"]
[EventType "swiss"]
[EventRounds "9"]
[EventCountry "RUF"]
[SourceTitle "CBM 187 Extra"]
[Source "ChessBase"]
[SourceDate "2018.11.04"]
[SourceVersion "1"]
[SourceVersionDate "2018.11.04"]
[SourceQuality "1"]

1. c4 e5 2. Nc3 Nf6 3. g3 c6 4. Nf3 e4 5. Ng5 d5 6. cxd5 cxd5 7. Qb3 h6 8. Nh3 b6 9. Bg2 Be6 10. Nf4 Qd7 11. Nxe6 fxe6 12. Qb5 Nc6 13. 0-0 Bc5 14. e3 a6 15. Qe2 Bd6 16. a3 Ne5 17. f3 exf3 18. Bxf3 Nxf3+ 19. Qxf3 0-0 20. Qe2 Nh7 21. Rxf8+ Rxf8 22. Qxa6 Qf7 23. Qe2 Ng5 24. Kg2 Nf3 25. d4 Qh5 26. h3 Nh4+ 27. gxh4 Qxh4 28. Qg4 Qf2+ 0-1